000 00458nam a2200193Ia 4500
008 180207s9999 xx 000 0 und d
020 _a9780431127156
050 _bS756 2002
100 _aSpilsbury, Louise
245 _aFood :
245 _brice /
245 _cLouise Spilsbury.
260 _aChicago, Illinois :
260 _bHeinemann Library,
260 _c2002
300 _a32 pages :
300 _bcolor illustration ;
300 _c22cm.
999 _c355341
_d355341